| 000 | 01148cam a2200277 i 4500 | ||
|---|---|---|---|
| 001 | ocn778977752 | ||
| 003 | OCoLC | ||
| 005 | 20241220140740.0 | ||
| 008 | 221118s2023 onc 000 1 eng d | ||
| 020 | _a9780140294392 | ||
| 040 |
_aTXMCL _beng _cTXMCL _dT7F _dOCLCQ _dTXBXL _dOCLCO _dOCLCF _dUINTA _erda |
||
| 082 | 0 | 0 | _aF Cornwell |
| 092 | _aF Cornwell | ||
| 100 | 1 |
_aCornwell, Bernard. _96271224 |
|
| 245 | 1 | 0 |
_aWaterloo / _cBernard Cornwell. |
| 260 |
_aNew York : _bPenguin Books, _cc1987. |
||
| 264 |
_aNew York, NY : _bPenguin Group, _c1987 |
||
| 300 | _a378 p. | ||
| 336 | _atext | ||
| 337 | _aunmediated | ||
| 338 | _avolume | ||
| 520 | _aJust as Sharpe comes face-to-face with his estranged wife and her lover at a grand society ball, news comes that the British-Prussian link is under attack. In the Battle of Waterloo, Sharpe once again plays a pivotal role in the outcome of a great British triumph. | ||
| 650 | 0 |
_aWaterloo, Battle of, Waterloo, Belgium, 1815 _vFiction. _96370853 |
|
| 651 | 0 |
_aGreat Britain _xHistory, Military _y19th century _vFiction. _95673966 |
|
| 942 |
_cBOOK _2ddc |
||
| 999 |
_c110127 _d110127 |
||